00475nam a2200193 a 4500001001300000003000900013005001700022008004100039020001000080082001500090100002100105245002500126260004000151300000900191500003500200505001000235650001500245700002100260nice12345678IN_TiNIC20260116012608.0050524s1975 edia grp 000 0 eng  ac10000a226.6bBAR aBarclay, William aActs of the Apostles aEdinburghbSaint Andrew Pressc1975 a213p aincludes index and biblioraphy2 aIndex aBible-Acts1 aBarclay, William